Αισθητική και τέχνη στην Ευρώπη : από το Βολταίρο στο Γκόγια

Αποθηκεύτηκε σε:
Λεπτομέρειες βιβλιογραφικής εγγραφής
Κύριος συγγραφέας: Προκοπίου, Άγγελος Γ., 1909-1967
Μορφή: Βιβλίο
Γλώσσα:Greek
Δημοσίευση: Αθήνα : [χ.ό.], 1954.
Θέματα:
Ετικέτες: Προσθήκη ετικέτας
Δεν υπάρχουν, Καταχωρήστε ετικέτα πρώτοι!

MARC

LEADER 00000cam a2200000 a 4500
001 1/118371
008 190405s1954####gr | ||| |||| ||gre||
040 |a GR-MyUa  |b gre  |c GR-MyUa  |e AACR2 
041 0 |a gre 
082 7 |a 709.4   |2 (23) 
100 1 |a Προκοπίου, Άγγελος Γ.,   |d 1909-1967. 
245 1 0 |a Αισθητική και τέχνη στην Ευρώπη :   |b από το Βολταίρο στο Γκόγια /   |c Άγγελου Γ. Προκοπίου.  
260 |a Αθήνα :   |b [χ.ό.],   |c 1954.  
300 |a  2τ. :   |b εικ., φωτ. ;   |c 19 εκ.  
500 |a Ο κλονισμός και η αναστήλωση του κλασικισμού σε 2 τόμους με σαράντα εικόνες εκτός κειμένου. 
650 0 |a Art and society  |z Europe. 
650 0 |a Aesthetics  |x History. 
650 0 |a Art, European  |y 18th century. 
650 0 |a Art, European  |y 17th century. 
852 |a INST  |b RHODES  |c AKA  |e 20190405  |h 709.4 ΠΡΟ  |p 005400040604  |q 005400040604  |t BK  |v τομ.1:  |y 0 
853 |a INST  |b RHODES  |c AKA  |h 709.4 ΠΡΟ 
970 |z 05-04-2019